000 01159 a2200265 4500
001 41084
005 20260407155704.0
008 260407a2006 arg spa d
003 AR-UNSa-BCEJYS
040 _aAR-UNSa-BCEJYS
_bspa
_cAR-UNSa-BCEJYS
080 _a347.78
_xPropiedad artística y literaria. Derechos de autor. Copyright
245 1 0 _aDerecho del entretenimiento
_pempresas culturales, propiedad intelectual, cine, radio y televisión, música, libros, diarios y revistas, teatro deportes
020 _a978-950-894-586-0
264 1 _aBuenos Aires :
_bAD-HOC
_c2006
300 _a441 p.
_c23 cm.
505 _a1. Derecho y entretenimiento - 2. Propiedad intelectual - 3. La industria cinematográfica - 4. La radio y la televisión - 5. La industria de la música - 6. La industria editorial - 7. El espectáculo público
041 _aspa
942 _cBK
590 _aniveau_biblio:m niveau_hierar:0
100 1 _aVibes, Federico P.
700 1 _aDelupí, Javier E.
700 1 _aAlesina, Juan C.
700 1 _aCarbone, Rolando D.
856 4 1 _uhttps://biblioeco.unsa.edu.ar/pmb/images/libros/L126351.jpg
_yImagen de portada
_qimage/jpeg
999 _c3352
_d3352